Statistiken für Geographie nach Buchstaben - V

Klicken Sie hier um das Quiz zu spielen!

Allgemein

  • Dieses Quiz wurde 190 mal gespielt
  • Das Durchschnittsergebnis liegt bei 15 aus 20

Antwortstatistiken

HinweisAntwort% Korrekt
Deutschlands größter AutoherstellerVolkswagen
98%
Grenzland zu Kolumbien und GuyanaVenezuela
97%
Ich bin einmal in 30 Minuten um die Grenze dieses Landes gelaufenVatikanstadt
93%
Vulkan, der Pompeji zerstörteVesuv
93%
Das Alphabet dieses Landes sieht so aus: Tôi tiêu tiền ĐồngVietnam
93%
Hauptstadt von LitauenVilnius
92%
Die größte V-Stadt der Welt, in KanadaVancouver
91%
Diese Stadt enthält Piazza San MarcoVenedig
91%
3-Buchstaben-Kurzname für dieses Land am Persischen GolfVAE
87%
Land regiert von Charles III.Vereinigtes Königreich
87%
Palast Ludwigs XIVVersailles
85%
Afrikas größter SeeVictoriasee
85%
Marke des italienischen MotorrollersVespa
84%
Region und Stadt im Osten SpaniensValencia
78%
Horn bei südafrikanischen Fußballspielen zu hörenVuvuzela
76%
Einer von 13 ursprünglichen Staaten der USAVirginia
70%
Diese Hauptstadt liegt am MekongVientiane
46%
Früher die britisch-französische Eigentumswohnung Neue HebridenVanuatu
35%
Brauner salziger Toastaufstrich, der in Australien und Neuseeland gegessen wird (im Bild)Vegemite
32%
Heilige hinduistische Stadt, auch Benares genanntVaranasi
10%

Verteilung der Resultate

Perzentil nach korrekt beantworteten Fragen

Anzahl Personen mit jedem Resultat

Ihre Resultats-Entwicklung

Sie haben dieses Quiz noch nicht gespielt